Pays d'Europe ayant dans leur nom un V W X Y Z - Statistiques

Statistiques générales
  • Ce quiz a été pris 160 fois
  • Le résultat moyen est 7 sur 10
Statistiques - réponses
Hint Réponse % Correct
V Vatican
97%
X Luxembourg
78%
V Slovaquie
76%
V Slovénie
76%
Z et V Bosnie-Herzégovine
73%
V Kosovo
65%
Y Royaume-Uni
64%
V Norvege
63%
Y Pays-Bas
62%
V Moldavie
59%
Aucun quiz correspondant
Distribution des résultats
% des personnes avec chaque résultat
Percentile par nombre de réponses
Votre historique - résultats
Vous n’avez pas pris ce quiz